Music Quiz

Random Music or Album Quiz

Ryan Adams songs Quiz Stats

 Plays Quiz not verified by Sporcle

Score 0/140 Timer 18:00
0 Plays Today
Album Song % Correct
GoldNew York, New York
89.5%
HeartbreakerTo Be Young (Is to Be Sad, Is to Be High)
85.4%
HeartbreakerCome Pick Me Up
83%
HeartbreakerOh My Sweet Carolina
81%
Cold RosesCold Roses
80.8%
GoldFirecracker
80.7%
2929
79.9%
HeartbreakerAMY
79.2%
Love Is HellLove Is Hell
79.2%
Cold RosesMagnolia Mountain
78.7%
Easy TigerTwo
78.3%
GoldAnswering Bell
78.1%
HeartbreakerMy Winding Wheel
75.9%
DemolitionNuclear
75.9%
Rock N RollRock N Roll
75.4%
Cold RosesLet It Ride
73.2%
29Strawberry Wine
72%
Love Is HellPolitical Scientist
71.6%
Easy TigerHalloweenhead
70.5%
Easy TigerGoodnight Rose
70.3%
GoldThe Rescue Blues
69.1%
Love Is HellWonderwall
68.7%
GoldWhen the Stars Go Blue
68.5%
GoldSylvia Plath
68.2%
Rock N RollThis Is It
67.6%
GoldLa Cienega Just Smiled
67.3%
Jacksonville City NightsThe End
67.1%
Rock N RollSo Alive
66.9%
Love Is HellHotel Chelsea Nights
65.5%
Cold RosesFriends
65.1%
DemolitionDear Chicago
64.7%
HeartbreakerDamn, Sam (I Love a Woman That Rains)
64.6%
Cold RosesEasy Plateau
64%
Jacksonville City NightsDear John
63.1%
DemolitionDesire
62.7%
HeartbreakerShakedown on 9th Street
62.6%
HeartbreakerBartering Lines
62.4%
Jacksonville City NightsA Kiss Before I Go
62.4%
DemolitionHallelujah
62.2%
29Elizabeth, You Were Born to Play That Part
62%
GoldGoodnight, Hollywood Blvd
61.5%
Easy TigerPearls on a String
61.3%
CardinologyFix It
61.3%
Rock N Roll1974
60.8%
Heartbreaker(Argument with David Rawlings concerning Morrissey)
60.6%
Love Is HellI See Monsters
60.6%
HeartbreakerSweet Lil Gal (23rd/1st)
60.4%
Album Song % Correct
Love Is HellThis House Is Not for Sale
60.4%
CardinologyMagick
60.4%
Rock N RollLuminol
60.2%
Rock N RollAnybody Wanna Take Me Home
60.2%
Love Is HellAnybody Wanna Take Me Home
60.2%
DemolitionTennessee Sucks
60%
Love Is HellEnglish Girls Approximately
60%
DemolitionJesus (Don't Touch My Baby)
59.9%
GoldTina Toledo's Street Walking Blues
59.3%
Jacksonville City NightsPa
58.8%
GoldEnemy Fire
58%
Cold RosesSweet Illusions
57.9%
GoldNobody Girl
57.7%
Easy TigerI Taught Myself How to Grow Old
57.5%
GoldHarder Now That It's Over
57.3%
Cold RosesMeadowlake Street
57.3%
Jacksonville City NightsTrains
57.3%
GoldWild Flowers
56.6%
GoldTouch, Feel And Lose
56.6%
Jacksonville City NightsThe Hardest Part
56.6%
Easy TigerEverybody Knows
56.4%
29Carolina Rain
56.2%
Easy TigerOh My God, Whatever, Etc.
56.1%
29Nightbirds
55.7%
Cold RosesCherry Lane
55.7%
DemolitionChin Up, Cheer Up
55.3%
Easy TigerTwo Hearts
55.3%
CardinologyBorn Into a Light
55.3%
CardinologyGo Easy
55%
CardinologyCobwebs
55%
Love Is HellAvalanche
54.8%
Love Is HellWorld War 24
54.6%
CardinologyStop
54.6%
Cold RosesHow Do You Keep Love Alive
54.4%
HeartbreakerWhy Do They Leave?
54.1%
CardinologySink Ships
54.1%
HeartbreakerDon't Ask for the Water
53.9%
Cold RosesIf I Am a Stranger
53.9%
CardinologyEvergreen
53.3%
DemolitionCry on Demand
53.2%
29Starlite Diner
53.2%
HeartbreakerCall Me On Your Way Back Home
52.8%
Cold RosesDance All Night
52.8%
Rock N RollBurning Photographs
52.6%
Love Is HellMy Blue Manhattan
52.4%
Jacksonville City NightsSeptember
52.4%
Cold RosesBeautiful Sorta
52.3%
Album Song % Correct
Love Is HellAfraid Not Scared
52.1%
29The Sadness
51.9%
Rock N RollWish You Were Here
51.7%
29Blue Sky Blues
51.7%
GoldGonna Make You Love Me
51.4%
Rock N RollDo Miss America
51.2%
Love Is HellThank You Louise
51%
Cold RosesRosebud
51%
HeartbreakerIn My Time of Need
50.5%
GoldSomehow, Someday
50.3%
Easy TigerThese Girls
50.3%
Cold RosesLife Is Beautiful
50.1%
DemolitionShe Wants to Play Hearts
49.9%
Love Is HellThe Shadowlands
49.9%
Cold RosesMockingbird
49.7%
29Voices
49.5%
DemolitionTomorrow
49.4%
Rock N RollNote To Self: Don't Die
49.4%
Love Is HellCity Rain, City Streets
49.4%
Cold RosesWhen Will You Come Back Home
49.4%
Jacksonville City NightsSilver Bullets
48.3%
Rock N RollBoys
48.1%
HeartbreakerTo Be the One
47.9%
Easy TigerThe Sun Also Sets
47.6%
DemolitionStarting to Hurt
47.4%
Rock N RollThe Drugs Not Working
47.2%
Jacksonville City NightsHard Way To Fall
47%
CardinologyCrossed Out Name
46.8%
Cold RosesBlossom
46.7%
Jacksonville City NightsPeaceful Valley
46.7%
Jacksonville City NightsWithering Heights
46.1%
Easy TigerTears of Gold
45.2%
DemolitionYou Will Always Be the Same
45%
Easy TigerOff Broadway
43.9%
Rock N RollShallow
43.8%
Love Is HellPlease Do Not Let Me Go
43.6%
Easy TigerRip Off
43.4%
CardinologyLet Us Down Easy
42.9%
Jacksonville City NightsGames
42.3%
Jacksonville City NightsMy Heart Is Broken
42.1%
Jacksonville City NightsDon't Fail Me Now
41.6%
CardinologyNatural Ghost
40.9%
DemolitionGimme a Sign
40.3%
Cold RosesNow That You're Gone
36.9%
CardinologyLike Yesterday
35.3%
Rock N RollShe's Lost Total Control
32.5%

You're not logged in!

Compare scores with friends on all Sporcle quizzes.
OR
Log In

You Might Also Like...

Show Comments

Extras

Top Quizzes Today


Score Distribution

Your Account Isn't Verified!

In order to create a playlist on Sporcle, you need to verify the email address you used during registration. Go to your Sporcle Settings to finish the process.

Report this User

Report this user for behavior that violates our Community Guidelines.

Details: